| 000 | 00588nam a2200193 4500 | ||
|---|---|---|---|
| 001 | 123544 | ||
| 003 | ES-MaACL | ||
| 005 | 20230906192207.0 | ||
| 007 | t| | ||
| 008 | 070214s1973 sp r ||||1| spa d | ||
| 100 | 1 |
_aRahn, Arthur C. _995009 |
|
| 245 | 1 | 0 |
_aPrótasis maxilofaciales / _cArthur C. Rahn y Louis J. Boucher ; versión Mariano Sanz Martín. |
| 250 | _a1ª ed. | ||
| 260 |
_aBarcelona : _bToray, _c1973. |
||
| 300 |
_a297 p. : _bil. ; _c25 cm. |
||
| 700 | 1 |
_aBoucher, Louis J. _930832 |
|
| 700 | 1 |
_aSanz Martín, Mariano. _9103662 |
|
| 852 |
_aES-MaACL _jC-53276 _bR.86193 |
||
| 999 |
_c123544 _d123544 |
||